000 00300nam a22001337a 4500
020 _a9788132102311
082 _a070.4
100 _aTony Harcup
245 _aJournalism principles and practice
250 _a2nd ed.
260 _aIndia
_bSage publication
_c2011.
300 _a244p
942 _cBK
999 _c2748
_d2748